Mit és hogyan olvasson az ifjúság? [I.]

Elmentve itt :
Bibliográfiai részletek
Szerző: Szitnyai Elek
Dokumentumtípus: Cikk
Megjelent: 1897
Sorozat:Magyar pedagógia : a Magyar Tudományos Akadémia Pedagógiai Bizottságának folyóirata 6
Kulcsszavak:Olvasásra nevelés, Ifjúsági olvasmányok
Online Access:http://misc.bibl.u-szeged.hu/7328
LEADER 00676nab a2200181 i 4500
001 misc7328
005 20191106144233.0
008 170607s1897 hu o 0|| hun d
022 |a 0025-0260 
040 |a SZTE Miscellanea Repozitórium  |b hun 
041 |a hun 
100 1 |a Szitnyai Elek 
245 1 4 |a Mit és hogyan olvasson az ifjúság? [I.]  |h [elektronikus dokumentum] /  |c  Szitnyai Elek 
260 |c 1897 
300 |a 467-474 
490 0 |a Magyar pedagógia : a Magyar Tudományos Akadémia Pedagógiai Bizottságának folyóirata  |v 6 
695 |a Olvasásra nevelés, Ifjúsági olvasmányok 
856 4 0 |u http://misc.bibl.u-szeged.hu/7328/1/mp_1897_0471_467-474.pdf  |z Dokumentum-elérés